| 000 | 01858nam a2200421 i 4500 | ||
|---|---|---|---|
| 003 | EG-ScBUE | ||
| 005 | 20240715093557.0 | ||
| 008 | 090713s2003 ua f b 000 0cara d | ||
| 017 | _a2003 / 13148 | ||
| 017 | _a2003 / 13149 | ||
| 017 | _a2003 / 13150 | ||
| 017 | _a2003 / 13151 | ||
| 017 | _a2003 / 13152 | ||
| 020 | _a9770186465 (مج. 1) | ||
| 020 | _a9770186473 (مج. 2) | ||
| 020 | _a9770186481 (مج. 3) | ||
| 020 | _a977018649X (مج. 4) | ||
| 020 | _a9770186503 (مج. 5) | ||
| 040 |
_aEG-ScBUE _bara _erda _cEG-ScBUE _dEG-ScBUE |
||
| 043 | _af-ua--- | ||
| 082 | 0 | 4 |
_222 _a962.03 _bج ب ر |
| 100 | 1 |
_aجبرتي، عبد الرحمن بن حسن، _d1167-1237 هـ.، _eمؤلف. |
|
| 245 | 1 | 0 |
_aعجائب الآثار في التراجم والأخبار/ _cتأليف عبد الرحمن بن حسن الجبرتي ؛ تحقيق أ. د. عبد الرحيم عبد الرحمن عبد الرحيم ؛ تقديم أ. د. عبد العظيم رمضان. |
| 264 | 1 |
_aالقاهرة : _bالهيئة المصرية العامة للكتاب، _c2003. |
|
| 300 |
_a5 مجلدات ؛ _c28 سم. |
||
| 336 |
_2rdacontent _aنص _btxt |
||
| 337 |
_aبدون وسيط _2rdamedia _bn |
||
| 338 |
_aمجلد _bnc _2rdacarrier |
||
| 490 | 0 | _aمكتبة الأسرة | |
| 504 | _aيشتمل على إرجاعات ببليوجرافية. | ||
| 505 | 0 | _aالمجلد الأول -- المجلد الثاني -- المجلد الثالث -- المجلد الرابع -- المجلد الخامس. | |
| 651 | 7 |
_98006 _aمصر _xتاريخ _yالعصر الحديث. _2BUEsh |
|
| 651 | 7 |
_aمصر _xتاريخ _vتراجم. _2BUEsh |
|
| 655 | _vReading book | ||
| 700 | 1 |
_aعبد الرحيم، عبد الرحيم عبد الرحمن، _eمحقق. |
|
| 700 | 1 |
_aرمضان، عبد العظيم، _eمقدم. |
|
| 942 |
_2ddc _cBB |
||
| 999 |
_c12346 _d12346 |
||